| 000 | 00840cam a2200241 a 4500 | ||
|---|---|---|---|
| 001 | 2994732 | ||
| 005 | 20180301081543.0 | ||
| 008 | 930301s1994 maua j 001 0 eng | ||
| 010 | _a 93000757 | ||
| 020 |
_a0395659671 : _c$16.95 |
||
| 040 |
_aDLC _cDLC _dDLC |
||
| 041 | 1 | _aeng | |
| 042 | _alcac | ||
| 043 | _aff----- | ||
| 080 | _a961 JAM | ||
| 082 | 0 | 0 |
_a961 JAM _220 |
| 100 | _a24 | ||
| 101 | _aTEO | ||
| 245 | 1 | 0 |
_aUmm El Madayan : _cAbderrahman Ayoub ... [et al.] ; illustrated by Francesco Corni ; translated by Kathleen Leverich. |
| 906 |
_a7 _bcbc _corignew _d1 _eocip _f19 _gy-gencatlg |
||
| 942 |
_2ddc _cBK |
||
| 999 |
_c43847 _d43847 |
||